ARRUPE JESUIT UNIVERSITY

CORONAVIRUS -STOP THE SPREAD - CLEAN,DISINFECT,COVER

The stoics : (Record no. 123169)

MARC details
000 -LEADER
fixed length control field 02986cam a2200289 a 4500
001 - CONTROL NUMBER
control field 15018954
005 - DATE AND TIME OF LATEST TRANSACTION
control field 20150914150938.0
008 - FIXED-LENGTH DATA ELEMENTS--GENERAL INFORMATION
fixed length control field 070924s2008 enk b 001 0 eng
010 ## - LIBRARY OF CONGRESS CONTROL NUMBER
LC control number 2007039299
020 ## - INTERNATIONAL STANDARD BOOK NUMBER
International Standard Book Number 9781847060440 (HB)
020 ## - INTERNATIONAL STANDARD BOOK NUMBER
International Standard Book Number 1847060447 (HB)
020 ## - INTERNATIONAL STANDARD BOOK NUMBER
International Standard Book Number 9781847060457 (pbk.)
020 ## - INTERNATIONAL STANDARD BOOK NUMBER
International Standard Book Number 1847060455 (pbk.)
040 ## - CATALOGING SOURCE
Original cataloging agency DLC
Transcribing agency DLC
Modifying agency DLC
050 00 - LIBRARY OF CONGRESS CALL NUMBER
Classification number B528
Item number .H73 2008
082 00 - DEWEY DECIMAL CLASSIFICATION NUMBER
Classification number 188
Edition number 22
100 1# - MAIN ENTRY--PERSONAL NAME
Personal name Holowchak, Mark,
Dates associated with a name 1958-
9 (RLIN) 19114
245 14 - TITLE STATEMENT
Title The stoics :
Remainder of title a guide for the perplexed /
Statement of responsibility, etc M. Andrew Holowchak.
260 ## - PUBLICATION, DISTRIBUTION, ETC. (IMPRINT)
Place of publication, distribution, etc London ;
-- New York :
Name of publisher, distributor, etc Continuum,
Date of publication, distribution, etc c2008.
300 ## - PHYSICAL DESCRIPTION
Extent x, 237 p. ;
Dimensions 22 cm.
504 ## - BIBLIOGRAPHY, ETC. NOTE
Bibliography, etc Includes bibliographical referenes (p. 229-232) and index.
505 0# - FORMATTED CONTENTS NOTE
Formatted contents note A cosmic spider's web : the stoic cosmos -- Pulled by the hair : how knowledge is possible -- Virtue and invincibility -- No place to shit : the good and conveniences -- Canonical stoic view of indifferents -- Living in agreement with nature -- Homologia : growing toward the good -- Fate and the lazy argument -- On dry ground : stoic apatheia -- Javelin-throwing : rules of right conduct -- Stoic paradoxes : the stoic lapith -- Useless weapons : knowing oneself -- The stoic progressor -- Stoic cosmopolitanism : standing naked before all -- The good life -- The strong odor of truth -- Freedom : leveling fortune -- Lifting the stone of ajax -- A complete life and a good death -- Oikeiosis : securing one's own in the footrace of life -- Authenticity : living with one's door open -- Virtue as peak-performance -- The invincible apprentice -- Invincibility as cosmic integration -- Equanimity in adversity -- Inconveniences : storm-clouds at sea -- Tela fortunae and life on the Dead Sea -- The troubled sleep of the fearful -- Bravery in bedclothes -- Pain: wiping a runny nose -- Anger and the baying of small dogs -- Grief and the broken crystal goblet -- Foulest death vs. fairest servitude -- Bugbears : removing the mask of ignorance -- Equanimity in prosperity -- Gain and the gold-leaf life -- Benefaction: the cornerstone of justice -- Bacchanalian revelry : birds of the night -- Gormandizing and the soft life -- In the footsteps of hercules -- Books and scholarly self-indulgence -- Friendship and self-sufficiency -- Rest and restlessness : Addamus Calcar! -- Rest and retirement : benefiting others -- The heroic course -- Hercules at a crossroads -- The athletic paradigm : winning by endurance -- What would socrates have done? -- Education : saving the shipwrecked mariners -- Teacher as physician : towering above fortune -- Stoic curatives -- Epistemological curatives -- Ethical curatives -- Signs of progress : the contest is now.
650 #0 - SUBJECT ADDED ENTRY--TOPICAL TERM
Topical term or geographic name as entry element Stoics.
9 (RLIN) 1899
906 ## - LOCAL DATA ELEMENT F, LDF (RLIN)
a 7
b cbc
c orignew
d 1
e ecip
f 20
g y-gencatlg
942 ## - ADDED ENTRY ELEMENTS (KOHA)
Source of classification or shelving scheme Library of Congress Classification
Item type Monograph ( Printed materials)
Holdings
Withdrawn status Lost status Source of classification or shelving scheme Damaged status Not for loan Collection code Home library Current library Shelving location Date acquired Total Checkouts Full call number Barcode Date last seen Date last borrowed Price effective from Koha item type
    Library of Congress Classification     Main Collection ARRUPE LIBRARY ARRUPE LIBRARY Main Collection 28/08/2015 3 B528 .H73 2008 46500004058 07/01/2019 07/12/2018 28/08/2015 Monograph ( Printed materials)

 

Arrupe Library. PO Box MP320 Mt Pleasant, Harare, Zimbabwe
263 242 745411|librarian@aju.ac.zw